Quiz Star Wars #8 - Statistiques

Statistiques générales
  • Ce quiz a été pris 110 fois
  • Le résultat moyen est 8 sur 10
Statistiques - réponses
Question Réponse % Correct
Quel est le véritable nom de Kylo Ren ? Ben Solo
97%
Qui devient le nouveau chef suprême du Premier Ordre après la mort de Snoke ? Kylo Ren
97%
Qui est le chef suprême que Kylo Ren tue dans ce film ? Snoke
97%
Quelle planète est le refuge de Luke Skywalker ? Ahch-To
89%
Comment Leia a-t-elle survécu dans l'espace après une attaque du Premier Ordre ? Elle utilise la Force pour revenir à son vaisseau
89%
Qui entraîne Rey pour devenir une Jedi dans "Les Derniers Jedi" ? Luke Skywalker
86%
Quel personnage sacrifie son vaisseau en effectuant un saut dans l'hyperespace pour détruire la flotte du Premier Ordre ? Holdo
83%
Quel Jedi apparaît sous forme de fantôme à Luke sur Ahch-To ? Yoda
74%
Qui trahit la Résistance pour le Premier Ordre dans ce film ? DJ
71%
Qui affronte Kylo Ren dans un duel final sur Crait ? Rey
26%
Aucun quiz correspondant
Distribution des résultats
% des personnes avec chaque résultat
Percentile par nombre de réponses
Votre historique - résultats
Vous n’avez pas pris ce quiz